Thay đổi để thành công
Saved in:
| Main Author: | |
|---|---|
| Other Authors: | |
| Format: | Book |
| Published: |
Hà Nội
Lao động. Cty sách Phương Nam
2017
|
| Subjects: | |
| Tags: |
Add Tag
No Tags, Be the first to tag this record!
|
| Institutions: | Trung tâm Học liệu Lê Vũ Hùng, Trường Đại học Đồng Tháp |
|---|
| LEADER | 00835pam a22002538a 4500 | ||
|---|---|---|---|
| 001 | 00041184 | ||
| 005 | 20180404130418.0 | ||
| 008 | 110608s1997 ||||||Viesd | ||
| 020 | # | # | |c 135000 |a 978 604 59 87 24 7 |
| 041 | 0 | # | |a Vie |
| 082 | 1 | 4 | |a 158.1 |b TH112Đ |
| 100 | 0 | # | |a Carnegie,Dale |
| 242 | 2 | 1 | |a Nguyên bản: Embrace change for success |
| 245 | 0 | 0 | |c Dale Carnegie; Hoàng Huấn (dịch) |a Thay đổi để thành công |
| 260 | # | # | |a Hà Nội |b Lao động. Cty sách Phương Nam |c 2017 |
| 300 | # | # | |c 21 cm. |a 308 tr |
| 653 | # | # | |a Thay đổi |
| 653 | # | # | |a Thành công |
| 653 | # | # | |a Tâm lý |
| 653 | # | # | |a Tâm lý học |
| 700 | 1 | # | |a Hoàng Huấn |e dịch |
| 852 | # | # | |j KD.0023351 |
| 910 | |d 04/04/2018 | ||
| 980 | # | # | |a Trung tâm Học liệu Lê Vũ Hùng, Trường Đại học Đồng Tháp |